Rudi Garcia's Roma - Statistics

General Stats
  • This quiz has been taken 4 times
  • The average score is 31 of 59
Answer Stats
Rank Player Position Nationality Matches Goals Assists % Correct
28 Antonio Rüdiger Centre-Back 18 1 0
100%
30 Ashley Cole Left-Back 16 0 0
100%
3 Daniele De Rossi Defensive Midfield 90 7 3
100%
23 Edin Džeko Centre-Forward 21 5 2
100%
8 Francesco Totti Second Striker 69 19 19
100%
18 Kevin Strootman Central Midfield 36 6 9
100%
9 Konstantinos Manolas Centre-Back 66 1 2
100%
11 Maicon Right-Back 60 5 5
100%
17 Medhi Benatia Centre-Back 37 5 0
100%
2 Miralem Pjanić Central Midfield 106 20 22
100%
24 Mohamed Salah Right Winger 21 6 1
100%
5 Gervinho Left Winger 88 26 17
75%
35 Leandro Paredes Defensive Midfield 13 1 1
75%
21 Lucas Digne Left-Back 24 1 3
75%
40 Marquinho Attacking Midfield 11 0 0
75%
10 Vasilios Torosidis Right-Back 63 5 5
75%
22 Wojciech Szczesny Goalkeeper 21 0 0
75%
7 Adem Ljajić Attacking Midfield 74 15 8
50%
1 Alessandro Florenzi Right-Back 112 16 15
50%
26 Dodô Left-Back 20 0 2
50%
36 Federico Balzaretti Left-Back 12 1 0
50%
19 Jose Cholevas Left-Back 34 1 1
50%
12 Juan Iturbe Right Winger 56 5 4
50%
13 Leandro Castán Centre-Back 46 0 1
50%
55 Lorenzo Pellegrini Attacking Midfield 1 0 0
50%
31 Lukasz Skorupski Goalkeeper 14 0 0
50%
16 Mapou Yanga-Mbiwa Centre-Back 38 1 1
50%
38 Marco Borriello Centre-Forward 11 1 1
50%
15 Mattia Destro Centre-Forward 42 18 2
50%
39 Michael Bradley Central Midfield 11 1 0
50%
6 Morgan De Sanctis Goalkeeper 84 0 1
50%
43 Nicolás Burdisso Centre-Back 6 0 0
50%
4 Radja Nainggolan Central Midfield 90 7 11
50%
27 Rodrigo Taddei Right Winger 20 2 1
50%
14 Seydou Keita Central Midfield 45 3 1
50%
34 Víctor Ibarbo Second Striker 13 0 1
50%
37 Alessio Romagnoli Centre-Back 11 0 0
25%
50 Antonio Sanabria Centre-Forward 2 0 0
25%
42 Daniele Verde Right Winger 10 0 2
25%
20 Davide Astori Centre-Back 30 1 0
25%
59 Edoardo Soleri Centre-Forward 1 0 0
25%
49 Emerson Left-Back 2 0 0
25%
47 Federico Ricci Right Winger 4 0 0
25%
56 Gianluca Caprari Second Striker 1 0 0
25%
25 Iago Falque Right Winger 21 3 2
25%
53 Lorenzo Di Livio Attacking Midfield 1 0 0
25%
57 Luca Mazzitelli Central Midfield 1 0 0
25%
58 Marco Tumminello Centre-Forward 1 0 0
25%
29 Michel Bastos Left Midfield 17 1 0
25%
54 Michele Somma Centre-Back 1 0 0
25%
52 Nicolás Spolli Centre-Back 1 0 0
25%
46 Norbert Gyömbér Centre-Back 5 0 0
25%
44 Rafael Tolói Centre-Back 5 0 0
25%
41 Salih Uçan Central Midfield 10 0 1
25%
32 Seydou Doumbia Centre-Forward 14 2 0
25%
48 Tin Jedvaj Centre-Back 2 0 0
25%
45 Umar Sadiq Centre-Forward 5 2 0
25%
51 Urby Emanuelson Central Midfield 2 0 0
25%
33 William Vainqueur Defensive Midfield 14 0 2
25%
No matching quizzes found
Score Distribution
Percent of People with Each Score
Percentile by Number Answered
Your Score History
You have not taken this quiz